| 000 | 00887nas a2200301 4500 | ||
|---|---|---|---|
| 001 | BR2012007193 | ||
| 003 | BR-BrBNA | ||
| 005 | 20231205121221.0 | ||
| 007 | ta | ||
| 008 | 230509b bl.|||p| |||| 00| 00por d | ||
| 040 |
_aBR-BrBNA _bpor _cBiblioteca Nacional de Agricultura |
||
| 041 | _a(Pt) | ||
| 072 | _aM12 | ||
| 100 | 1 | _aMarques, N.R. | |
| 100 | 1 | _aHayashi, C. | |
| 100 | 1 | _aGaldioli, E.M. | |
| 100 | 1 | _aSoares, T. | |
| 100 | 1 | _aFernandes, C.E.B. | |
| 245 | 1 | _aFrequência de alimentação diária para alevinos de carpa-capim (Ctenopharyngodon idella, V.) | |
| 650 | _aCARPA CAPIM | ||
| 650 | _aALEVINO | ||
| 650 | _aALIMENTAÇÃO | ||
| 650 | _aPESO | ||
| 650 | _aNUTRIÇÃO | ||
| 773 | 0 |
_tBoletim do Instituto de Pesca (Brazil) _xISSN 0046-9939 _g(2008), v. 34 (2) p. 311-317 _wBR2012007193 |
|
| 909 |
_a202311 _bLúcia _c55 _dLúcia Elande |
||
| 942 |
_2AGRIS _n0 _cANA |
||
| 999 |
_c222376 _d222376 |
||